00355nam a2200145Ia 4500008004100000020001800041041000800059082001800067100002300085245003000108250000600138260004400144300001200188650000900200210716s2014 xx 000 0 und d a9789351071617 aeng a621.3192 GOLJ aGolbeck, Jennifer. aAnalyzing the social web. a1 aNew DelhibElsevier India Pvt Ltdc2014 axxv,264 aNone